<?xml version="1.0" encoding="UTF-8"?>
<marc:record xmlns:marc="http://www.loc.gov/MARC21/slim">
   <marc:leader>00000nam a2200000 a 4500</marc:leader>
   <marc:datafield ind1="1" ind2=" " tag="100">
      <marc:subfield code="a">Kaniuk, Yoram</marc:subfield>
   </marc:datafield>
   <marc:datafield ind1="1" ind2=" " tag="100">
      <marc:subfield code="a">Goldblum, Jeff</marc:subfield>
   </marc:datafield>
   <marc:datafield ind1="1" ind2=" " tag="100">
      <marc:subfield code="a">Jakobi, Derek</marc:subfield>
   </marc:datafield>
   <marc:datafield ind1="1" ind2=" " tag="100">
      <marc:subfield code="a">Zurer, Ayelet July</marc:subfield>
   </marc:datafield>
   <marc:datafield ind1="1" ind2=" " tag="100">
      <marc:subfield code="a">Schrader, Paul</marc:subfield>
   </marc:datafield>
   <marc:datafield ind1="0" ind2="0" tag="245">
      <marc:subfield code="a">Ein Leben für ein Leben [Bildtonträger]</marc:subfield>
   </marc:datafield>
   <marc:datafield ind1="0" ind2="0" tag="245">
      <marc:subfield code="b">Adam Hundesohn</marc:subfield>
   </marc:datafield>
   <marc:datafield ind1="0" ind2="0" tag="245">
      <marc:subfield code="c">Regie: Paul Schrader. Mit Ayelet July Zurer, Derek Jakobi, Jeff Goldblum ... Nach dem Bestseller "Adam Hundesohn" von Yoram Kaniuk</marc:subfield>
   </marc:datafield>
   <marc:datafield ind1=" " ind2="1" tag="264">
      <marc:subfield code="b">3L FilmgmbH.</marc:subfield>
      <marc:subfield code="c">2014</marc:subfield>
   </marc:datafield>
   <marc:datafield ind1="1" ind2=" " tag="520">
      <marc:subfield code="a">Anfang der 60er Jahre grassiert in einer Heilanstalt für Holocaust-Traumatisierte der Wahnsinn... Um im Konzentrationslager unter dem sadistischen Lagekommandanten Klein zu überleben, muss der einstmals gefeierte Berliner Varieté-Star Adam Stein lernen, buchstäblich wie ein Hund zu leben. Jahre danach wird Adam immer noch von den grausamen Dämonen der Vergangenheit gequält. Gemeinsam mit anderen Opfern lebt er in einem Sanatorium für Überlebende des Holocaust mitten in der Wüste Israels, wo er seinen Schmerz in wilden Kapriolen und Zaubertricks erstickt. Dann entdeckt Adam einen neuen Patienten, der bislang vor ihm verborgen wurde: ein zwölfjähriger Junge, der sich für einen Hund hält. Er redet nicht, sondern bellt. Er geht nicht, sondern kriecht. Durch seine magischen Fähigkeiten kann Adam dem kleinen jungen helfen. Der Film erzählt die Geschichte eines Mannes, der einst ein Hund war, und einen Hund trifft, der einst ein Junge war.</marc:subfield>
   </marc:datafield>
   <marc:datafield ind1=" " ind2=" " tag="020">
      <marc:subfield code="a">4049834002367</marc:subfield>
      <marc:subfield code="9">4049834002367</marc:subfield>
   </marc:datafield>
   <marc:datafield ind1=" " ind2=" " tag="500">
      <marc:subfield code="a">Orig. : 2009. Sprache: Deutsch, Englisch. Untertitel: Deutsch</marc:subfield>
   </marc:datafield>
   <marc:datafield ind1="0" ind2=" " tag="490">
      <marc:subfield code="v">0</marc:subfield>
   </marc:datafield>
   <marc:datafield ind1=" " ind2=" " tag="300">
      <marc:subfield code="a">1 DVD (102 Min.) : farbig</marc:subfield>
   </marc:datafield>
</marc:record>
